| 000 | 00541nam a2200205Ia 4500 | ||
|---|---|---|---|
| 003 | OSt | ||
| 005 | 20220926044357.0 | ||
| 006 | a|||||r|||| 00| 0 | ||
| 007 | ta | ||
| 008 | 220923b |||||||| |||| 00| 0 eng d | ||
| 037 | _cGeneral Book | ||
| 040 |
_aRTL _cRTL _beng |
||
| 041 |
_2eng _aeng |
||
| 082 | _aEm2, N56 - N55, J7.7 | ||
| 245 | 0 | _aSample survey of current Intrest. 1955-56. In India. | |
| 260 | _c1955 | ||
| 300 |
_a160p. _ccm. |
||
| 942 |
_hEm2, N56 - N55, J7.7 _cGB _2CC |
||
| 999 |
_c674699 _d674699 |
||